<L'> investissement direct francais en Slovaquie diplomová práca

Salvato in:
Dettagli Bibliografici
Autore principale: Molleková, Lucia
Ente Autore: Ekonomická univerzita v Bratislave. Ústav medzinárodných programov
Altri autori: Přívarová, Magdaléna, 1955-, Ageron, Blandine
Natura: Libro
Lingua:francese
Pubblicazione: Bratislava 2010
Tags: Aggiungi Tag
Nessun Tag, puoi essere il primo ad aggiungerne!!

MARC

LEADER 00000nam a2200000 4500
001 0119206
005 20240318114924.4
041 0 |a fre 
044 |a SK 
245 1 0 |a <L'> investissement direct francais en Slovaquie  |b diplomová práca  |c Lucia Molleková ; škol. Magda Přívarová, Blandine Ageron 
264 1 |a Bratislava  |c 2010 
300 |a 79 s. 
100 1 |a Molleková, Lucia 
700 1 |a Přívarová, Magdaléna, 1955- 
700 1 |a Ageron, Blandine 
710 2 |a Ekonomická univerzita v Bratislave. Ústav medzinárodných programov